Vận dụng phương pháp đàm thoại giải quyết vấn đề vào việc dạy hàm số và phương trình mũ, Lôgarit
Mở đầu. Cơ sở lý luận. Vận dụng phương pháp đàm thoại giải quyết vấn đề vào việc dạy hàm số và phương trình mũ, Lôgarit
Đã lưu trong:
| Príomhúdar: | |
|---|---|
| Údair Eile: | |
| Formáid: | Leabhar |
| Teanga: | Vietnamese |
| Foilsithe: |
Đại học Đà Nẵng
Trường đại học Sư Phạm
2008
|
| Sraith: | Khóa luận tốt nghiệp Đại học. Chuyên ngành: Toán tin
|
| Ábhair: | |
| Clibeanna: |
Cuir Clib Leis
Gan Chlibeanna, Bí ar an gcéad duine leis an taifead seo a chlibeáil!
|
| Thư viện lưu trữ: | Mạng thư viện Đại học Đà Nẵng |
|---|
| LEADER | 01502nam a2200349 4500 | ||
|---|---|---|---|
| 001 | 000011542 | ||
| 003 | 7795 | ||
| 005 | 20120207080214.0 | ||
| 008 | 120207s2008 viesd | ||
| 041 | |a vie | ||
| 072 | |a Khóa luận tốt nghiệp | ||
| 082 | |a 513 |b TR-T | ||
| 100 | |a Trần, Thị Dung Trang | ||
| 245 | |a Vận dụng phương pháp đàm thoại giải quyết vấn đề vào việc dạy hàm số và phương trình mũ, Lôgarit |c Trần, Thị Dung Trang | ||
| 260 | |a Đại học Đà Nẵng |b Trường đại học Sư Phạm |c 2008 | ||
| 300 | |a 49 tr. |c 29 cm | ||
| 490 | |a Khóa luận tốt nghiệp Đại học. Chuyên ngành: Toán tin | ||
| 500 | |a Tham khảo tr. 49 | ||
| 520 | |a Mở đầu. Cơ sở lý luận. Vận dụng phương pháp đàm thoại giải quyết vấn đề vào việc dạy hàm số và phương trình mũ, Lôgarit | ||
| 653 | |a Khóa luận tốt nghiệp đại học | ||
| 653 | |a Khoa Toán | ||
| 700 | |a Ngô, Thị Bích Thủy |c Th.S |e Hướng dẫn | ||
| OWN | |a LSP | ||
| AVA | |a UDN50 |b LSP |d 513 TR-T |e available |t Error 5001 Not defined in file expand_doc_bib_avail. |f 1 |g 0 |h N |i 0 |k 1 | ||
| 999 | |a From the UDN01 | ||
| AVA | |a UDN50 |b LSP |d 513 TR-T |e available |t Error 5001 Not defined in file expand_doc_bib_avail. |f 1 |g 0 |h N |i 0 |k 1 | ||
| TYP | |a Monograph | ||
| TYP | |a Printed language | ||
| 980 | |a Mạng thư viện Đại học Đà Nẵng | ||